Lipodystrofia progressiva

Bibliographic Details
Main Authors: Hympán, Jaroslav, 1912-2009 (Author), Comorek, Štefan (Author)
Format: Article
Language:Slovak

MARC

LEADER 00000nab a2200000ua 4500
001 vtls010777470
003 SK-MaSNL
005 20260303123420.0
008 230214s1949 xo |||||||||||||||||slo|
035 |a (urnnbn)urn:nbn:sk:snk:ar-a03kl3 
035 |a (uuid)db4b62d7-8bc2-4f88-b013-995bfd977a28 
035 |a urn:nbn:sk:snk-ab5c09 
040 |a SNKBUCL  |b slo  |c SNKBUCL  |e AACR2 
041 0 |a slo 
044 |a xo  |c SK 
100 1 |a Hympán, Jaroslav,  |d 1912-2009  |4 aut  |9 225220 
245 1 0 |a Lipodystrofia progressiva  |c Jaroslav Hympán, Štefan Comorek 
700 1 |a Comorek, Štefan  |4 aut  |9 1139180 
773 0 |t Bratislavské lekárske listy  |g Roč. 29, č. 1 (1949), s. 55-62 
954 |a odborná, vedecká literatúra pôvodná (slovenská)  |2 lita 
958 |a OND 
958 |a EUIPO 
958 |a article3 
999 |c 1925783  |d 1927713